| 000 | 00738nam a2200241Ia 4500 | ||
|---|---|---|---|
| 003 | OSt | ||
| 005 | 20221007111613.0 | ||
| 006 | a|||||r|||| 00| 0 | ||
| 007 | ta | ||
| 008 | 221006b |||||||| |||| 00| 0 eng d | ||
| 024 | _a23,907 | ||
| 037 | _cTextual | ||
| 040 |
_aLCO _cLCO _beng |
||
| 041 |
_2eng _aeng |
||
| 082 | _aX6291:976.1, L1 | ||
| 100 |
_aAmerican Arbitration Association _9708414 |
||
| 245 | 0 | _aNew Strategies For Peaceful Resolution of International Business Disputes | |
| 260 |
_aNew _bYork Oceana Publications Inc. U.S.A. _c1971 |
||
| 300 | _a252 | ||
| 650 |
_aBUSINEES DISPUTES _9708415 |
||
| 942 |
_hX6291:976.1, L1 _cTEXL |
||
| 999 |
_c1193470 _d1193470 |
||